000 00348nam a22001457a 4500
003 macl
005 20190706155402.0
008 190706b xxu||||| |||| 00| 0 eng d
040 _cmacl
100 _aVats, Dr Sunil
_967997
245 _aCaesar & Cleopatra
260 _aDelhi
_b Mannat Pub
_c2018
650 _aFiction
_975826
942 _2ddc
_cBK
999 _c60456
_d60456